|
|
|
|
| LEADER |
01628nam a2200409 i 4500 |
| 001 |
EBC3572110 |
| 003 |
MiAaPQ |
| 005 |
20200520144314.0 |
| 006 |
m o d | |
| 007 |
cr cnu|||||||| |
| 008 |
150605t20142014pl ob 001 0 eng|d |
| 020 |
|
|
|z 9783110375800
|
| 020 |
|
|
|a 9783110375817
|q (electronic bk.)
|
| 035 |
|
|
|a (MiAaPQ)EBC3572110
|
| 035 |
|
|
|a (Au-PeEL)EBL3572110
|
| 035 |
|
|
|a (CaPaEBR)ebr11059856
|
| 035 |
|
|
|a (OCoLC)912308937
|
| 040 |
|
|
|a MiAaPQ
|b eng
|e rda
|e pn
|c MiAaPQ
|d MiAaPQ
|
| 050 |
|
4 |
|a BX382
|b .B34 2014
|
| 100 |
1 |
|
|a Bahkou, Abjar,
|e author.
|
| 245 |
1 |
0 |
|a Defending Christian faith :
|b the fifth part of the Christian apology of Gerasimus /
|c Abjar Bakhou ; managing editor, Katarzyna Tempczyk ; language editor, David Huisjen.
|
| 264 |
|
1 |
|a Warsaw :
|b De Gruyter,
|c [2014]
|
| 264 |
|
4 |
|c 2014
|
| 300 |
|
|
|a 1 online resource (178 pages)
|
| 336 |
|
|
|a text
|2 rdacontent
|
| 337 |
|
|
|a computer
|2 rdamedia
|
| 338 |
|
|
|a online resource
|2 rdacarrier
|
| 504 |
|
|
|a Includes bibliographical references and index.
|
| 588 |
|
|
|a Description based on online resource; title from PDF title page (ebrary, viewed June 6, 2015).
|
| 590 |
|
|
|a Electronic reproduction. Ann Arbor, MI : ProQuest, 2016. Available via World Wide Web. Access may be limited to ProQuest affiliated libraries.
|
| 610 |
2 |
0 |
|a Orthodox Eastern Church.
|
| 610 |
2 |
0 |
|a Christianity.
|
| 655 |
|
4 |
|a Electronic books.
|
| 700 |
1 |
|
|a Tempczyk, Katarzyna,
|e editor.
|
| 700 |
1 |
|
|a Huisjen, David,
|e editor.
|
| 797 |
2 |
|
|a ProQuest (Firm)
|
| 856 |
4 |
0 |
|u https://ebookcentral.proquest.com/lib/matrademy/detail.action?docID=3572110
|z Click to View
|